<?xml version="1.0" encoding="UTF-8"?>
<record
    xmlns:xsi="http://www.w3.org/2001/XMLSchema-instance"
    xsi:schemaLocation="http://www.loc.gov/MARC21/slim http://www.loc.gov/standards/marcxml/schema/MARC21slim.xsd"
    xmlns="http://www.loc.gov/MARC21/slim">

  <leader>01904nam a2200325   4500</leader>
  <controlfield tag="001">78037</controlfield>
  <controlfield tag="003">BD-RjUL</controlfield>
  <controlfield tag="005">20211209083100.0</controlfield>
  <controlfield tag="008">210308q19601969ua            000 0 ara  </controlfield>
  <datafield tag="035" ind1=" " ind2=" ">
    <subfield code="a">(BD-RjUL)78263</subfield>
  </datafield>
  <datafield tag="040" ind1=" " ind2=" ">
    <subfield code="a">DLC</subfield>
    <subfield code="c">TxU</subfield>
    <subfield code="d">TxU</subfield>
    <subfield code="d">MH</subfield>
    <subfield code="d">CStRLIN</subfield>
    <subfield code="d">CtY</subfield>
    <subfield code="d">UkOxU</subfield>
    <subfield code="b">eng</subfield>
  </datafield>
  <datafield tag="041" ind1=" " ind2=" ">
    <subfield code="a">ara</subfield>
  </datafield>
  <datafield tag="082" ind1=" " ind2=" ">
    <subfield code="2">23</subfield>
    <subfield code="a">297.814</subfield>
    <subfield code="b">SHM 1969</subfield>
  </datafield>
  <datafield tag="100" ind1="0" ind2=" ">
    <subfield code="a">Mu&#x1E25;ammad ibn &#x2BF;Abd al-Wahh&#x101;b,</subfield>
    <subfield code="d">1703 or 1704-1792.</subfield>
    <subfield code="9">245740</subfield>
  </datafield>
  <datafield tag="245" ind1="1" ind2="0">
    <subfield code="a">Mukhta&#x1E63;ar al-in&#x1E63;&#x101;f wa-al-shar&#x1E25; al-kab&#x12B;r :</subfield>
    <subfield code="b">f&#x12B; fiqh Im&#x101;m al-Sunnah A&#x1E25;mad ibn &#x1E24;anbal al-Shayb&#x101;n&#x12B; /</subfield>
    <subfield code="c">ikhta&#x1E63;arahum&#x101; Mu&#x1E25;ammad ibn &#x2BF;Abd al-Wahh&#x101;b.</subfield>
  </datafield>
  <datafield tag="260" ind1=" " ind2=" ">
    <subfield code="6">880-03</subfield>
    <subfield code="a">[Cairo] :</subfield>
    <subfield code="b">al-Ma&#x1E6D;ba&#x2BF;ah al-Salaf&#x12B;yah wa-Maktabatuh&#x101;,</subfield>
    <subfield code="c">[196-?]</subfield>
  </datafield>
  <datafield tag="300" ind1=" " ind2=" ">
    <subfield code="a">512 p. ;</subfield>
    <subfield code="c">25 cm.</subfield>
  </datafield>
  <datafield tag="500" ind1=" " ind2=" ">
    <subfield code="a">An abridgment of al-Mard&#x101;w&#x12B;&#x2BC;s al-In&#x1E63;&#x101;f, and of &#x2BF;Abd al-Ra&#x1E25;m&#x101;n ibn Qud&#x101;mah&#x2BC;s al-Shar&#x1E25; al-kab&#x12B;r, both commentaries on Muwaffaq al-D&#x12B;n ibn Qud&#x101;mah&#x2BC;s al-Muqni&#x2BF;.</subfield>
  </datafield>
  <datafield tag="600" ind1="1" ind2="0">
    <subfield code="a">Ibn Qud&#x101;mah, Muwaffaq al-D&#x12B;n &#x2BF;Abd All&#x101;h ibn A&#x1E25;mad,</subfield>
    <subfield code="d">1147-1223.</subfield>
    <subfield code="t">Muqni&#x2BF;.</subfield>
    <subfield code="9">245746</subfield>
  </datafield>
  <datafield tag="650" ind1=" " ind2="0">
    <subfield code="a">Islamic law.</subfield>
    <subfield code="9">245742</subfield>
  </datafield>
  <datafield tag="650" ind1=" " ind2="0">
    <subfield code="a">Hanbalites.</subfield>
    <subfield code="9">245743</subfield>
  </datafield>
  <datafield tag="700" ind1="1" ind2=" ">
    <subfield code="a">Ibn Qud&#x101;mah, &#x2BF;Abd al-Ra&#x1E25;m&#x101;n ibn Mu&#x1E25;ammad,</subfield>
    <subfield code="d">1200 or 1201-1283 or 1284.</subfield>
    <subfield code="9">245747</subfield>
  </datafield>
  <datafield tag="700" ind1="1" ind2=" ">
    <subfield code="a">Mard&#x101;w&#x12B;, &#x2BF;Al&#x12B; ibn Sulaym&#x101;n,</subfield>
    <subfield code="d">1414 or 1415-1480 or 1481.</subfield>
    <subfield code="9">245745</subfield>
  </datafield>
  <datafield tag="880" ind1="0" ind2=" ">
    <subfield code="6">100-01/(3/r</subfield>
    <subfield code="a">&#x645;&#x62D;&#x645;&#x62F; &#x628;&#x646; &#x639;&#x628;&#x62F; &#x627;&#x644;&#x648;&#x647;&#x627;&#x628;.</subfield>
  </datafield>
  <datafield tag="880" ind1="1" ind2="0">
    <subfield code="6">245-02/(3/r</subfield>
    <subfield code="a">&#x645;&#x62E;&#x62A;&#x635;&#x631; &#x627;&#x644;&#x625;&#x646;&#x635;&#x627;&#x641; &#x648;&#x627;&#x644;&#x634;&#x631;&#x62D; &#x627;&#x644;&#x643;&#x628;&#x64A;&#x631; :</subfield>
    <subfield code="b">&#x641;&#x64A; &#x641;&#x642;&#x647; &#x625;&#x645;&#x627;&#x645; &#x627;&#x644;&#x633;&#x646;&#x629; &#x623;&#x62D;&#x645;&#x62F; &#x628;&#x646; &#x62D;&#x646;&#x628;&#x644; &#x627;&#x644;&#x634;&#x64A;&#x628;&#x627;&#x646;&#x64A; /</subfield>
    <subfield code="c">&#x627;&#x62E;&#x62A;&#x635;&#x631;&#x647;&#x645;&#x627; &#x645;&#x62D;&#x645;&#x62F; &#x628;&#x646; &#x639;&#x628;&#x62F; &#x627;&#x644;&#x648;&#x647;&#x627;&#x628;.</subfield>
  </datafield>
  <datafield tag="880" ind1=" " ind2=" ">
    <subfield code="6">260-03/(3/r</subfield>
    <subfield code="a">[&#x627;&#x644;&#x642;&#x627;&#x647;&#x631;&#x629;] :</subfield>
    <subfield code="b">&#x627;&#x644;&#x645;&#x637;&#x628;&#x639;&#x629; &#x627;&#x644;&#x633;&#x644;&#x641;&#x64A;&#x629; &#x648;&#x645;&#x643;&#x62A;&#x628;&#x62A;&#x647;&#x627;&#x60C;</subfield>
    <subfield code="c">[-&#x666;&#x669;&#x661;&#x61F;]</subfield>
  </datafield>
  <datafield tag="880" ind1="1" ind2=" ">
    <subfield code="6">700-04/(3/r</subfield>
    <subfield code="a">&#x627;&#x628;&#x646; &#x642;&#x62F;&#x627;&#x645;&#x629;&#x60C; &#x639;&#x628;&#x62F; &#x627;&#x644;&#x631;&#x62D;&#x645;&#x646; &#x628;&#x646; &#x645;&#x62D;&#x645;&#x62F;.</subfield>
    <subfield code="t">&#x634;&#x631;&#x62D; &#x627;&#x644;&#x643;&#x628;&#x64A;&#x631;.</subfield>
  </datafield>
  <datafield tag="880" ind1="1" ind2=" ">
    <subfield code="6">700-05/(3/r</subfield>
    <subfield code="a">&#x645;&#x631;&#x62F;&#x627;&#x648;&#x64A;&#x60C; &#x639;&#x644;&#x64A; &#x628;&#x646; &#x633;&#x644;&#x64A;&#x645;&#x627;&#x646;.</subfield>
    <subfield code="t">&#x625;&#x646;&#x635;&#x627;&#x641; &#x641;&#x64A; &#x645;&#x639;&#x631;&#x641;&#x629; &#x627;&#x644;&#x631;&#x627;&#x62C;&#x62D; &#x645;&#x646; &#x627;&#x644;&#x62E;&#x644;&#x627;&#x641;.</subfield>
  </datafield>
  <datafield tag="942" ind1=" " ind2=" ">
    <subfield code="2">ddc</subfield>
    <subfield code="c">BK</subfield>
  </datafield>
  <datafield tag="999" ind1=" " ind2=" ">
    <subfield code="c">78037</subfield>
    <subfield code="d">78037</subfield>
  </datafield>
  <datafield tag="952" ind1=" " ind2=" ">
    <subfield code="0">0</subfield>
    <subfield code="1">0</subfield>
    <subfield code="2">ddc</subfield>
    <subfield code="4">0</subfield>
    <subfield code="7">1</subfield>
    <subfield code="8">NFIC</subfield>
    <subfield code="a">RUCL</subfield>
    <subfield code="b">RUCL</subfield>
    <subfield code="c">Reading</subfield>
    <subfield code="d">1968-09-16</subfield>
    <subfield code="e">zaitlinger,</subfield>
    <subfield code="g">75.00</subfield>
    <subfield code="l">0</subfield>
    <subfield code="o">A 297.814 SHM 1969</subfield>
    <subfield code="r">2021-03-09 00:00:00</subfield>
    <subfield code="t">C-1</subfield>
    <subfield code="w">2021-03-09</subfield>
    <subfield code="y">BK</subfield>
  </datafield>
</record>
